[Event "GER-chT North U14"]
[Site "Magdeburg"]
[Date "2013.09.14"]
[Round "5.4"]
[White "Braun, Antonio"]
[Black "Kozusenok, Vladyslav"]
[Result "1-0"]
[WhiteElo "1292"]
[BlackElo "843"]
[PlyCount "55"]
[EventDate "2013.09.12"]
[EventType "team-swiss"]
[EventRounds "7"]
[EventCountry "GER"]
[SourceTitle "EXT 2014"]
[Source "ChessBase"]
[SourceDate "2013.11.20"]
[SourceVersion "1"]
[SourceVersionDate "2013.11.20"]
[SourceQuality "1"]
[WhiteTeam "Magdeburg Aufbau Elbe"]
[BlackTeam "Weisse Dame"]
[WhiteTeamCountry "GER"]
[BlackTeamCountry "GER"]

1. e4 d5 2. exd5 Qxd5 3. Nc3 Qa5 4. d4 Nf6 5. Bc4 Bf5 6. Nf3 e6 7. Bd2 c6 8. Qe2 Bd6 9. 0-0-0 0-0 10. d5 cxd5 11. Nxd5 Qd8 12. Nxf6+ Qxf6 13. Bc3 Qe7 14. Rhe1 Bg4 15. h3 Bxf3 16. Qxf3 Nc6 17. Qg4 g6 18. Qf3 e5 19. Bd5 Rac8 20. Qe3 Rfe8 21. Qh6 a6 22. f4 Qf6 23. fxe5 Nxe5 24. Rf1 Qg7 25. Qxg7+ Kxg7 26. Rxf7+ Kh6 27. Bd2+ Kh5 28. Rxh7# 1-0

[Event "GER-chT North U14"]
[Site "Magdeburg"]
[Date "2013.09.12"]
[Round "1.4"]
[White "Tiedemann, Fin Niklas"]
[Black "Braun, Antonio"]
[Result "0-1"]
[WhiteElo "1567"]
[BlackElo "1292"]
[PlyCount "46"]
[EventDate "2013.09.12"]
[EventType "team-swiss"]
[EventRounds "7"]
[EventCountry "GER"]
[SourceTitle "EXT 2014"]
[Source "ChessBase"]
[SourceDate "2013.11.20"]
[SourceVersion "1"]
[SourceVersionDate "2013.11.20"]
[SourceQuality "1"]
[WhiteTeam "Luebeck"]
[BlackTeam "Magdeburg Aufbau Elbe"]
[WhiteTeamCountry "GER"]
[BlackTeamCountry "GER"]

1. e4 e5 2. Bc4 Bc5 3. Nf3 Nc6 4. d3 Nf6 5. c3 d5 6. exd5 Nxd5 7. Qe2 Bg4 8. h3 Bxf3 9. Qxf3 Nce7 10. 0-0 Qd7 11. Re1 f6 12. d4 Bb6 13. dxe5 fxe5 14. Bxd5 Rf8 15. Bf7+ Rxf7 16. Qxb7 Bxf2+ 17. Kh2 Rd8 18. Qe4 Bxe1 19. Qxe1 Qd1 20. Qxd1 Rxd1 21. Nd2 Rf2 22. Nb3 Rff1 23. a4 Nf5 0-1